| LEADER | 01974nam a2200469 i 4500 | ||
|---|---|---|---|
| 001 | 310948 | ||
| 003 | CZ PrSKC | ||
| 005 | 20260601215657.0 | ||
| 007 | ta | ||
| 008 | 181008s2018 xr a e 000 h cze | ||
| 015 | |a cnb003044284 | ||
| 020 | |a 9788026421535 |q (vázáno) : |c Kč 123,00 | ||
| 035 | |a (OCoLC)1065969832 | ||
| 040 | |a BOA001 |b cze |e rda | ||
| 072 | 7 | |a 821-1/-8 |x Literatura různých forem a žánrů |2 Konspekt | |
| 080 | |a 821-36 |2 MRF | ||
| 080 | |a 32 |2 MRF | ||
| 080 | |a 32-051 |2 MRF | ||
| 080 | |a 82-7 |2 MRF | ||
| 080 | |a (0:82-36) |2 MRF | ||
| 245 | 0 | 0 | |a Anekdoty. |n 1, |p Politici |
| 246 | 3 | 0 | |a Politici |
| 250 | |a 1. vydání | ||
| 264 | 1 | |a Brno : |b CPress, |c 2018 | |
| 300 | |a 103 stran : |b ilustrace ; |c 18 cm | ||
| 336 | |a text |b txt |2 rdacontent | ||
| 337 | |a bez média |b n |2 rdamedia | ||
| 338 | |a svazek |b nc |2 rdacarrier | ||
| 520 | 2 | |a Sbírka politických anekdot doplněných ilustracemi Marka Rubce. |b Ve této sbírce politických anekdot jsou vtipy rozděleny tematicky, lze zde najít například kapitoly Ministerstvo, Voličské anekdoty, Domácí politika, Zahraniční politika, a také Politici po smrti. | |
| 650 | 0 | 7 | |a politika |7 ph115795 |x humor |2 czenas |
| 650 | 0 | 7 | |a politici |7 ph115781 |x humor |2 czenas |
| 650 | 0 | 9 | |a politics |x humor |2 eczenas |
| 650 | 0 | 9 | |a politicians |x humor |2 eczenas |
| 655 | 7 | |a anekdoty |7 fd131798 |2 czenas | |
| 655 | 9 | |a anecdotes |2 eczenas | |
| 900 | |a ABA001 |b 19 | ||
| 928 | 9 | |a Albatros Media - CPress | |
| 044 | |a xr | ||
| 787 | 0 | 8 | |g 1 |i Z cyklu: |t Anekdoty |
| 910 | |a RBIT002 | ||
| 998 | |d 179559 |a https://core.palmknihy.cz/api/books/179559/cover?pgdva6 |b https://core.palmknihy.cz/api/books/179559/cover/400?pgdva6 |c https://core.palmknihy.cz/api/books/179559/cover/50?pgdva6 |e 2050-12-31 |g 104 |i 9788026421535 |j https://core.palmknihy.cz/api/books/179559/preview.epub |k https://core.palmknihy.cz/api/books/179559/preview.pdf |l |q 49 |r 1 |s https://www.palmknihy.cz/kniha/179559 |t ebook |y 2018 |z 0 |v Anekdoty |w 1 | ||
| 999 | |d 310946 | ||